000 00426nam a2200169Ia 4500
003 GCL
008 140319s9999 xx 000 0 ara d
040 _aGCL /
_cGCL
082 0 4 _a250
_bع د
100 1 _aعبدالرزاق نوفل
245 1 0 _aدين وفكر /
_cعبدالرزاق نوفل
300 _a151 ص
490 _a
650 0 4 _aالاسلام
650 0 4 _aالفقه الاسلامى
942 _2ddc
_cBK
999 _c44916
_d44916